000 00328nam a22001337a 4500
008 171024b xxu||||| |||| 00| 0 eng d
020 _a9781580250184
041 _aeng
080 _22ND
_a311
100 _a55
101 _aSTA
245 _aSAS SYSTEM FOR ELEMENTARY STATISTICAL ANALSYSIS
_cSCHLOTZHAUER,S.D
942 _2udc
_cBK
999 _c35655
_d35655